[Event "Rhein Main op-A 24th"]
[Site "Bad Homburg"]
[Date "2022.06.16"]
[Round "2"]
[White "Kopf, Rainer"]
[Black "Schneider, Wolfram"]
[Result "1/2-1/2"]
[WhiteElo "1871"]
[BlackElo "2005"]
[PlyCount "60"]
[EventDate "2022.06.15"]
[EventType "swiss"]
[EventRounds "7"]
[EventCountry "GER"]
[SourceTitle "EXT 2023"]
[Source "ChessBase"]
[SourceDate "2022.10.05"]
[SourceVersion "1"]
[SourceVersionDate "2022.10.05"]
[SourceQuality "1"]

1. d4 Nf6 2. Nf3 g6 3. Bg5 Ne4 4. Bf4 d6 5. Nbd2 Nxd2 6. Qxd2 Bg7 7. e4 0-0 8. Bh6 Nd7 9. 0-0-0 c6 10. Bxg7 Kxg7 11. h4 h5 12. Ng5 e5 13. f3 Qf6 14. dxe5 dxe5 15. Kb1 Nc5 16. Bc4 b5 17. Qb4 Qe7 18. Be2 a5 19. Qd2 f6 20. Nh3 Be6 21. Qd6 Qxd6 22. Rxd6 Rac8 23. Nf2 Kf7 24. Rhd1 Ke7 25. R6d2 b4 26. Nd3 Na4 27. Nc1 Nc5 28. Nb3 Nxb3 29. axb3 Rfd8 30. Rxd8 Rxd8 1/2-1/2

[Event "Oberliga Ost-B 2122"]
[Site "Germany"]
[Date "2022.05.22"]
[Round "5.8"]
[White "Mueller, Achim"]
[Black "Schneider, Wolfram"]
[Result "1-0"]
[WhiteElo "2101"]
[BlackElo "2003"]
[PlyCount "77"]
[EventDate "2021.10.10"]
[EventType "team-tourn"]
[EventRounds "11"]
[EventCountry "GER"]
[SourceTitle "EXT 2023"]
[Source "ChessBase"]
[SourceDate "2022.10.05"]
[SourceVersion "1"]
[SourceVersionDate "2022.10.05"]
[SourceQuality "1"]
[WhiteTeam "Schoeneck"]
[BlackTeam "Marburg"]
[WhiteTeamCountry "GER"]
[BlackTeamCountry "GER"]

1. e4 d5 2. e5 Bf5 3. Nf3 c5 4. d4 e6 5. Bb5+ Nc6 6. 0-0 Qb6 7. Bxc6+ bxc6 8. c3 c4 9. Re1 Bxb1 10. Rxb1 Qa5 11. b4 Qb6 12. Be3 Ne7 13. Ng5 h6 14. Nh3 Ng6 15. f4 Ne7 16. a4 a6 17. Qh5 g6 18. Qf3 Bg7 19. Bf2 0-0 20. g4 Qc7 21. Bh4 a5 22. Bxe7 Qxe7 23. f5 exf5 24. gxf5 gxf5 25. b5 cxb5 26. Rxb5 Qa3 27. Nf4 Qxa4 28. Rxd5 Rfe8 29. Nh5 Re6 30. Nf4 Qc6 31. Nxe6 Qxe6 32. Rd6 Qe8 33. Qxf5 a4 34. Ra1 Rb8 35. Rd7 a3 36. Rxa3 Rb6 37. Ra8 Rb1+ 38. Kf2 Rb2+ 39. Ke3 1-0

[Event "DSOL 03 Liga Gr-D 1st"]
[Site "Playchess.com INT"]
[Date "2020.07.31"]
[Round "6.1"]
[White "Baeumer, Frank"]
[Black "Schneider, Wolfram"]
[Result "1/2-1/2"]
[WhiteElo "1947"]
[BlackElo "1975"]
[PlyCount "59"]
[EventDate "2020.06.22"]
[EventType "team-tourn (rapid)"]
[EventCountry "GER"]
[SourceTitle "EXT 2021"]
[Source "ChessBase"]
[SourceDate "2020.10.23"]
[SourceVersion "1"]
[SourceVersionDate "2020.10.23"]
[SourceQuality "1"]
[WhiteTeam "Gusenburg Gambit"]
[BlackTeam "Bad Homburg"]
[WhiteTeamCountry "GER"]
[BlackTeamCountry "GER"]

1. e4 c5 2. Nf3 d6 3. c4 Nc6 4. d4 cxd4 5. Nxd4 Qb6 6. Nb3 Nf6 7. Be3 Qc7 8. Nc3 e6 9. Be2 Be7 10. Rc1 0-0 11. 0-0 Rd8 12. f3 Nd7 13. Nd5 exd5 14. cxd5 Nb6 15. Nd4 Bd7 16. b4 Rac8 17. b5 Nxd4 18. Rxc7 Nxe2+ 19. Qxe2 Rxc7 20. Rc1 Rdc8 21. Rxc7 Rxc7 22. f4 Bf6 23. e5 Be7 24. e6 fxe6 25. dxe6 Be8 26. Bd4 Rc4 27. Be3 Bxb5 28. Qh5 g6 29. Qxb5 Rc6 30. f5 1/2-1/2

[Event "DSOL 03 Liga Gr-D 1st"]
[Site "Playchess.com INT"]
[Date "2020.07.23"]
[Round "5.1"]
[White "Schneider, Wolfram"]
[Black "Schnegelsberg, Karl Heinz"]
[Result "0-1"]
[WhiteElo "1975"]
[BlackElo "1869"]
[PlyCount "64"]
[EventDate "2020.06.22"]
[EventType "team-tourn (rapid)"]
[EventCountry "GER"]
[SourceTitle "EXT 2021"]
[Source "ChessBase"]
[SourceDate "2020.10.23"]
[SourceVersion "1"]
[SourceVersionDate "2020.10.23"]
[SourceQuality "1"]
[WhiteTeam "Bad Homburg"]
[BlackTeam "Kassel Caissa"]
[WhiteTeamCountry "GER"]
[BlackTeamCountry "GER"]

1. d4 Nf6 2. Nf3 g6 3. c4 Bg7 4. Nc3 d5 5. cxd5 Nxd5 6. e3 0-0 7. Bc4 Nb6 8. Bb3 Nc6 9. 0-0 e5 10. d5 Na5 11. e4 Nxb3 12. Qxb3 Bg4 13. Nd2 Qe7 14. h3 Bd7 15. Nf3 Kh8 16. Rd1 f5 17. Bd2 fxe4 18. Nxe4 Ba4 19. Qb4 Qe8 20. b3 Bd7 21. Be3 Bxh3 22. Bc5 Rf4 23. Be3 a5 24. Qc5 Rxe4 25. gxh3 Qd7 26. Ng5 Rb4 27. d6 c6 28. a3 Rb5 29. Qc2 Nd5 30. Qe4 Rf8 31. Rab1 Kg8 32. a4 Rb4 0-1

[Event "Rhein Main op-A 20th"]
[Site "Bad Homburg"]
[Date "2017.06.17"]
[Round "6"]
[White "Schneider, Wolfram"]
[Black "Muehlpfordt, Werner"]
[Result "1/2-1/2"]
[WhiteElo "1941"]
[BlackElo "1927"]
[PlyCount "58"]
[EventDate "2017.06.14"]
[EventType "swiss"]
[EventRounds "7"]
[EventCountry "GER"]
[SourceTitle "EXT 2018"]
[Source "ChessBase"]
[SourceDate "2017.10.13"]
[SourceVersion "1"]
[SourceVersionDate "2017.10.13"]
[SourceQuality "1"]

1. d4 Nf6 2. Nf3 c5 3. g3 b6 4. d5 d6 5. c4 g6 6. b3 Bg7 7. Bb2 e5 8. Bg2 0-0 9. Nc3 Na6 10. 0-0 Nc7 11. Qd3 Rb8 12. a4 a5 13. Nd2 Nh5 14. h3 Qe7 15. e3 Bd7 16. g4 Nf6 17. Rae1 h6 18. Bc1 Rbe8 19. e4 Nh7 20. Ne2 f5 21. f3 Qh4 22. Nb1 f4 23. Bd2 Qe7 24. Rd1 Bf6 25. Be1 Kf7 26. Nec3 Bh4 27. Qd2 Rh8 28. Bxh4 Qxh4 29. Qe1 Qxe1 1/2-1/2

[Event "Rhein Main op-A 20th"]
[Site "Bad Homburg"]
[Date "2017.06.15"]
[Round "2"]
[White "Gassmann, Volker"]
[Black "Schneider, Wolfram"]
[Result "1-0"]
[WhiteElo "2130"]
[BlackElo "1941"]
[PlyCount "73"]
[EventDate "2017.06.14"]
[EventType "swiss"]
[EventRounds "7"]
[EventCountry "GER"]
[SourceTitle "EXT 2018"]
[Source "ChessBase"]
[SourceDate "2017.10.13"]
[SourceVersion "1"]
[SourceVersionDate "2017.10.13"]
[SourceQuality "1"]

1. d4 Nf6 2. c4 g6 3. Nc3 d5 4. cxd5 Nxd5 5. Bd2 Nb6 6. e3 Bg7 7. f4 0-0 8. Nf3 N6d7 9. Bc4 c5 10. d5 Nb6 11. b3 Nxc4 12. bxc4 e6 13. 0-0 exd5 14. cxd5 b5 15. Nxb5 Ba6 16. Rb1 Bxb5 17. Rxb5 Qxd5 18. Qc2 Nd7 19. e4 Qc6 20. Ra5 Rfc8 21. e5 c4 22. Be3 Bf8 23. Rd1 Bb4 24. Nd4 Qc7 25. Rb5 Rab8 26. e6 fxe6 27. Nxe6 Qc6 28. Nd4 Qf6 29. Rxb8 Nxb8 30. Nf3 Qe6 31. Ne5 a5 32. h4 c3 33. Kf2 Nc6 34. Nf3 Qc4 35. Rd3 Ne7 36. Rd4 Qc7 37. Qb3+ 1-0

[Event "Reunion op 17th"]
[Site "St Denis"]
[Date "2015.10.10"]
[Round "6"]
[White "Duprey, Francois Xavier"]
[Black "Schneider, Wolfram"]
[Result "0-1"]
[WhiteElo "1720"]
[BlackElo "1988"]
[PlyCount "32"]
[EventDate "2015.10.10"]
[EventType "swiss"]
[EventRounds "9"]
[EventCountry "RUF"]
[SourceTitle "CBM 168 Extra"]
[Source "ChessBase"]
[SourceDate "2015.10.29"]
[SourceVersion "1"]
[SourceVersionDate "2015.10.29"]
[SourceQuality "1"]

1. c4 Nf6 2. Nf3 g6 3. g3 Bg7 4. Bg2 0-0 5. d3 d5 6. cxd5 Nxd5 7. 0-0 Nc6 8. Nbd2 Rb8 9. Rb1 h6 10. a3 e5 11. Qc2 Re8 12. b4 Nd4 13. Nxd4 exd4 14. Bxd5 Qxd5 15. Re1 Bh3 16. Nf3 Qxf3 0-1

[Event "Rhein Main op-A 18th"]
[Site "Bad Homburg"]
[Date "2015.06.06"]
[Round "5"]
[White "Schneider, Wolfram"]
[Black "Ochmann, Reimund"]
[Result "1-0"]
[WhiteElo "1971"]
[BlackElo "2097"]
[PlyCount "45"]
[EventDate "2015.06.03"]
[EventType "swiss"]
[EventRounds "7"]
[EventCountry "GER"]
[SourceTitle "CBM 167 Extra"]
[Source "ChessBase"]
[SourceDate "2015.09.14"]
[SourceVersion "1"]
[SourceVersionDate "2015.09.14"]
[SourceQuality "1"]

1. d4 d5 2. c4 c6 3. Nc3 Nf6 4. Nf3 dxc4 5. e4 b5 6. e5 Nd5 7. a4 e6 8. axb5 Nxc3 9. bxc3 cxb5 10. Ng5 Bb7 11. Qh5 g6 12. Qg4 Be7 13. Be2 h6 14. Bf3 h5 15. Qg3 Bd5 16. Ne4 0-0 17. Qf4 f5 18. exf6 Bxf6 19. Qh6 Kf7 20. Ba3 Bxe4 21. Bxe4 Rg8 22. Qh7+ Rg7 23. Bxg6# 1-0

[Event "Rhein Main op-A 18th"]
[Site "Bad Homburg"]
[Date "2015.06.04"]
[Round "3"]
[White "Budzyn, Matthias"]
[Black "Schneider, Wolfram"]
[Result "1-0"]
[WhiteElo "2135"]
[BlackElo "1971"]
[PlyCount "87"]
[EventDate "2015.06.03"]
[EventType "swiss"]
[EventRounds "7"]
[EventCountry "GER"]
[SourceTitle "CBM 167 Extra"]
[Source "ChessBase"]
[SourceDate "2015.09.14"]
[SourceVersion "1"]
[SourceVersionDate "2015.09.14"]
[SourceQuality "1"]

1. e4 d5 2. exd5 Nf6 3. Nf3 Nxd5 4. d4 Bg4 5. c4 Nb6 6. h3 Bh5 7. c5 N6d7 8. g4 Bg6 9. Bf4 Nc6 10. Nc3 e5 11. Qe2 Be7 12. Bxe5 Ndxe5 13. dxe5 Bxc5 14. Rd1 Qc8 15. Bg2 0-0 16. 0-0 Re8 17. Rfe1 h5 18. Qc4 Bb6 19. Nh4 Bh7 20. Qf4 hxg4 21. hxg4 Nd8 22. g5 c6 23. Qg3 Bf5 24. Nxf5 Qxf5 25. Be4 Qe6 26. Rd6 Qc4 27. Bd3 Qb4 28. Re2 Ne6 29. Ne4 Red8 30. Qh4 Bc5 31. Nf6+ Kf8 32. Re4 Qd2 33. Nd7+ Ke7 34. Nxc5 Qxg5+ 35. Qxg5+ Nxg5 36. Rxd8 Rxd8 37. Re3 b6 38. f4 Rd5 39. fxg5 Rxc5 40. Kf2 Ke6 41. Kf3 b5 42. Kf4 a5 43. Bf5+ Ke7 44. Rc3 1-0

[Event "Rhein Main op-B 17th"]
[Site "Bad Homburg"]
[Date "2014.06.21"]
[Round "6"]
[White "Diener, Carolin Valeria"]
[Black "Schneider, Wolfram"]
[Result "0-1"]
[WhiteElo "1741"]
[BlackElo "1985"]
[PlyCount "54"]
[EventDate "2014.06.18"]
[EventType "swiss"]
[EventRounds "9"]
[EventCountry "GER"]
[SourceTitle "CBM 161 Extra"]
[Source "ChessBase"]
[SourceDate "2014.08.29"]
[SourceVersion "1"]
[SourceVersionDate "2014.08.29"]
[SourceQuality "1"]

1. e4 c5 2. Nf3 d6 3. d4 cxd4 4. Nxd4 Nf6 5. Nc3 Nc6 6. Bc4 e6 7. Nf3 a6 8. a3 Be7 9. 0-0 0-0 10. h3 Qc7 11. Be3 Na5 12. Ba2 Nc4 13. Bxc4 Qxc4 14. Nd2 Qc6 15. a4 b6 16. Re1 Bb7 17. Bf4 Rfd8 18. Qe2 d5 19. exd5 Nxd5 20. Nxd5 Rxd5 21. Nf3 Bf6 22. c3 Rad8 23. Qc2 Rf5 24. Be3 Rxf3 25. Bxb6 Rfd3 26. f3 Rd2 27. Qb3 Rxg2+ 0-1

[Event "Rhein Main op-B 17th"]
[Site "Bad Homburg"]
[Date "2014.06.20"]
[Round "4"]
[White "Neve, Peter"]
[Black "Schneider, Wolfram"]
[Result "1/2-1/2"]
[WhiteElo "1722"]
[BlackElo "1985"]
[PlyCount "62"]
[EventDate "2014.06.18"]
[EventType "swiss"]
[EventRounds "9"]
[EventCountry "GER"]
[SourceTitle "CBM 161 Extra"]
[Source "ChessBase"]
[SourceDate "2014.08.29"]
[SourceVersion "1"]
[SourceVersionDate "2014.08.29"]
[SourceQuality "1"]

1. g4 d5 2. Bg2 c6 3. h3 e5 4. c3 Be6 5. d4 Nd7 6. dxe5 Nxe5 7. Nf3 Nxf3+ 8. Bxf3 Qd7 9. Bf4 Bd6 10. Bxd6 Qxd6 11. Nd2 Ne7 12. e3 0-0-0 13. Qa4 Kb8 14. 0-0-0 Ng6 15. Be2 f5 16. gxf5 Bxf5 17. Bg4 Bd3 18. Qd4 Bb5 19. Qxg7 Ne5 20. Ne4 Qc7 21. Qxc7+ Kxc7 22. Nc5 Rdg8 23. a4 Nxg4 24. hxg4 Be2 25. Rd4 Rxg4 26. Ne6+ Kd6 27. Rxg4 Bxg4 28. Ng5 Rf8 29. Rh6+ Kc5 30. f4 Bf5 31. Kd2 Kc4 1/2-1/2

[Event "Rhein Main op-B 17th"]
[Site "Bad Homburg"]
[Date "2014.06.19"]
[Round "2"]
[White "Cawston, M John"]
[Black "Schneider, Wolfram"]
[Result "0-1"]
[WhiteElo "1734"]
[BlackElo "1985"]
[PlyCount "100"]
[EventDate "2014.06.18"]
[EventType "swiss"]
[EventRounds "9"]
[EventCountry "GER"]
[SourceTitle "CBM 161 Extra"]
[Source "ChessBase"]
[SourceDate "2014.08.29"]
[SourceVersion "1"]
[SourceVersionDate "2014.08.29"]
[SourceQuality "1"]

1. c4 Nf6 2. Nc3 d5 3. cxd5 Nxd5 4. Nf3 g6 5. e4 Nxc3 6. dxc3 Qxd1+ 7. Kxd1 Bg7 8. Kc2 b6 9. Bc4 Bb7 10. Re1 Nd7 11. Bg5 h6 12. Bh4 e6 13. Rad1 g5 14. Bg3 0-0-0 15. Nd4 Ne5 16. Bb5 a6 17. Bf1 c5 18. Nb3 Rxd1 19. Kxd1 Rd8+ 20. Kc2 h5 21. f3 h4 22. Bf2 Ng6 23. Be3 g4 24. Bg5 f6 25. Be3 h3 26. Rd1 hxg2 27. Rxd8+ Kxd8 28. Bxg2 Nh4 29. Bh1 gxf3 30. Nd2 Kd7 31. Bf2 Ng2 32. Kd3 f5 33. exf5 exf5 34. Bg3 b5 35. b3 Bh6 36. Bxg2 fxg2 37. Bf2 Kd6 38. a3 Bf4 39. Bg1 Be5 40. h4 a5 41. h5 Bg7 42. a4 c4+ 43. bxc4 bxa4 44. c5+ Kc7 45. Kc4 Ba6+ 46. Kd5 a3 47. Bh2+ Kc8 48. Nb3 a2 49. Bg1 a4 50. Na1 Bxc3 0-1

[Event "Rhein Main op-B 17th"]
[Site "Bad Homburg"]
[Date "2014.06.18"]
[Round "1"]
[White "Schneider, Wolfram"]
[Black "Urbach, Jens"]
[Result "1-0"]
[WhiteElo "1985"]
[BlackElo "1600"]
[PlyCount "65"]
[EventDate "2014.06.18"]
[EventType "swiss"]
[EventRounds "9"]
[EventCountry "GER"]
[SourceTitle "CBM 161 Extra"]
[Source "ChessBase"]
[SourceDate "2014.08.29"]
[SourceVersion "1"]
[SourceVersionDate "2014.08.29"]
[SourceQuality "1"]

1. d4 Nf6 2. Nf3 d5 3. c4 e6 4. Bg5 Be7 5. Nc3 c5 6. cxd5 exd5 7. g3 Be6 8. Bg2 Nc6 9. 0-0 0-0 10. Rc1 b6 11. Qd2 Rc8 12. Rfd1 c4 13. Ne5 Nxe5 14. dxe5 Ng4 15. Bxe7 Qxe7 16. Qf4 f6 17. Nxd5 Qc5 18. b4 fxe5 19. bxc5 exf4 20. Ne7+ Kf7 21. Nxc8 Rxc8 22. cxb6 axb6 23. gxf4 c3 24. Bd5 c2 25. Bxe6+ Kxe6 26. Rd2 Nf6 27. Rcxc2 Rxc2 28. Rxc2 Nd5 29. e3 Nb4 30. Rb2 Nd5 31. Kg2 Kd6 32. Kf3 Kc6 33. e4 1-0

[Event "Rhein Main op-A 14th"]
[Site "Bad Homburg"]
[Date "2011.06.22"]
[Round "1"]
[White "Rotstein, Arkadij"]
[Black "Schneider, Wolfram"]
[Result "1-0"]
[WhiteElo "2529"]
[BlackElo "2017"]
[PlyCount "83"]
[EventDate "2011.06.22"]
[EventType "swiss"]
[EventRounds "7"]
[EventCountry "GER"]
[SourceTitle "EXT 2012"]
[Source "ChessBase"]
[SourceDate "2011.11.24"]
[SourceVersion "1"]
[SourceVersionDate "2011.11.24"]
[SourceQuality "1"]

1. g3 Nf6 2. Bg2 g6 3. e4 d6 4. d3 Bg7 5. f4 c5 6. Nf3 Nc6 7. 0-0 0-0 8. h3 e5 9. Nc3 Bd7 10. f5 gxf5 11. exf5 Bxf5 12. Nh4 Bg6 13. Nf5 Bxf5 14. Rxf5 Nd4 15. Rf2 Qd7 16. Bg5 Ne8 17. Nd5 f6 18. Bh4 Kh8 19. c3 Nc6 20. Be4 f5 21. Qf1 Nc7 22. Nxc7 Qxc7 23. Rxf5 Qd7 24. Rxf8+ Rxf8 25. Qe2 d5 26. Bg2 Nd8 27. Rf1 Rxf1+ 28. Qxf1 e4 29. dxe4 d4 30. e5 d3 31. Be4 d2 32. Bc2 Nc6 33. Bf6 Qf7 34. Qf5 Bxf6 35. exf6 Nd8 36. Kf2 Ne6 37. Ke2 Qd7 38. Kd1 Kg8 39. Bb3 c4 40. Bxc4 Qa4+ 41. Bb3 Qc6 42. Qxe6+ 1-0

[Event "Oberliga Ost-B 1011"]
[Site "Germany"]
[Date "2010.11.13"]
[Round "2.8"]
[White "Schneider, Wolfram"]
[Black "Berens, Thomas"]
[Result "1/2-1/2"]
[WhiteElo "2022"]
[BlackElo "2048"]
[PlyCount "38"]
[EventDate "2010.10.24"]
[EventType "team-tourn"]
[EventRounds "11"]
[EventCountry "GER"]
[SourceTitle "EXT 2012"]
[Source "ChessBase"]
[SourceDate "2011.11.24"]
[SourceVersion "1"]
[SourceVersionDate "2011.11.24"]
[SourceQuality "1"]
[WhiteTeam "Oberursel"]
[BlackTeam "Hungen Lich"]
[WhiteTeamCountry "GER"]
[BlackTeamCountry "GER"]

1. d4 Nf6 2. Nf3 g6 3. c4 Bg7 4. Nc3 d5 5. e3 0-0 6. Bd2 c5 7. cxd5 cxd4 8. exd4 Nxd5 9. Be2 Nc6 10. Be3 b6 11. 0-0 Bb7 12. Rc1 Rc8 13. Bg5 Re8 14. Qd2 Nxc3 15. bxc3 Na5 16. Bb5 Bc6 17. Ba6 Bb7 18. Bb5 Bc6 19. Ba6 Bb7 1/2-1/2